000
00283nam a22001217a 4500
041
_a
ENG
100
_a
IAEA
245
_a
Food Preservation By Irradiation Vol
260
_a
Vienna
_b
International Atomic Energy Agency
_c
1978
300
_a
594
650
_a
APE
856
_u
APE ( 03 )
999
_c
1720
_d
1720